Synthesis and characterization of new arene-ruthenium(II) complxes with 11H-indeno[1,2-b]quinoxaline derivatives; 27th International Chugaev Conference on Coordination Chemistry; 4th Young Conference School “Physicochemical Methods in the Chemistry of Coordination Compounds”

Bibliografski detalji
Parent link:27th International Chugaev Conference on Coordination Chemistry.— 2017
4th Young Conference School “Physicochemical Methods in the Chemistry of Coordination Compounds”.— [P. P95]
Glavni autor: Matveevskaya V. V. Vladislava Vadimovna
Autor kompanije: Национальный исследовательский Томский политехнический университет Инженерная школа новых производственных технологий Научно-образовательный центр Н. М. Кижнера
Daljnji autori: Sukhikh T. S. Taisiya Sergeevna, Potapov A. S. Andrey Sergeevich
Sažetak:Title screen
Jezik:engleski
Izdano: 2017
Teme:
Online pristup:http://chugaev2017.iomc.ras.ru/pdf/chugaev2017-book-of-abstracts.pdf#page=310
Format: Elektronički Poglavlje knjige
KOHA link:https://koha.lib.tpu.ru/cgi-bin/koha/opac-detail.pl?biblionumber=657593

MARC

LEADER 00000naa0a2200000 4500
001 657593
005 20250623164902.0
035 |a (RuTPU)RU\TPU\network\24136 
090 |a 657593 
100 |a 20180219d2017 k y0engy50 ba 
101 0 |a eng 
135 |a drcn ---uucaa 
181 0 |a i  
182 0 |a b 
200 1 |a Synthesis and characterization of new arene-ruthenium(II) complxes with 11H-indeno[1,2-b]quinoxaline derivatives  |f V. V. Matveevskaya, T. S. Sukhikh, A. S. Potapov 
203 |a Text  |c electronic 
300 |a Title screen 
320 |a [References: p. P95 (2 tit.)] 
320 |a References: p. 
463 |t 27th International Chugaev Conference on Coordination Chemistry  |d 2017 
463 |t 4th Young Conference School “Physicochemical Methods in the Chemistry of Coordination Compounds”  |o October 2–6, 2017, Nizhny Novgorod  |o book of abstracts  |v [P. P95] 
610 1 |a электронный ресурс 
610 1 |a труды учёных ТПУ 
610 1 |a синтез 
610 1 |a ареновые комплексы 
610 1 |a рутений 
610 1 |a лиганды 
700 1 |a Matveevskaya  |b V. V.  |g Vladislava Vadimovna 
701 1 |a Sukhikh  |b T. S.  |g Taisiya Sergeevna 
701 1 |a Potapov  |b A. S.  |c Chemist  |c Professor of Tomsk Polytechnic University, Doctor of chemical sciences  |f 1981-  |g Andrey Sergeevich  |3 (RuTPU)RU\TPU\pers\33909 
712 0 2 |a Национальный исследовательский Томский политехнический университет  |b Инженерная школа новых производственных технологий  |b Научно-образовательный центр Н. М. Кижнера  |3 (RuTPU)RU\TPU\col\23556 
801 0 |a RU  |b 63413507  |c 20180219  |g RCR 
850 |a 63413507 
856 4 |u http://chugaev2017.iomc.ras.ru/pdf/chugaev2017-book-of-abstracts.pdf#page=310 
942 |c CF